000 01767nas a2200277Ia 4500
001 R220-R1997
003 IT-CnALBA
008 170116c99999999xx |||||||||||| ||und||
040 _aIT-CnALBA
_cIT-CnALBA
041 _aITALIANO
100 _aLAURENTIN RENÈ
210 _aCONCILIUM
222 _aCONCILIUM
245 0 _aCONCILIUM. SACRA SCRITTURA. N. X. ANNO VIII. 1972. RIVISTA INTERNAZIONALE DI TEOLOGIA.
250 _a1a ed.
260 _a BRESCIA
_bQUERINIANA EDIT. LIBR. VESC.
_c1972
300 _a205 p.
310 _aMENSILE
362 _aFascicolo: 10 / Anno: 8 (1972)
500 _aINDICE ANNATA 1972. MINISTERI NELLA CHIESA. CRISI ATTUALE DEI MINISTERI NEL NUOVO TESTAMENTO. POSSIBILITÀ DI UN DIVERSO ORDINAMENTO ECCLESIALE. MINISTERI ECCLESIALI E SACRO. DOTTRINA TRIDENTINA. PROCESSO DI DOGMATIZZAZIONE. MINISTERI ECCLESIASTICI ALLE DONNE. DISCUSSIONE SUI FONDAMENTI DEL MINISTERO SACERDOTALE NEL NUOVO TESTAMENTO. BOLLETTINO BIBLIOGRAFICO. MINISTERO NELLA CHIESA. SCHNIDER F. STENGER W. KEARNEY P. COLSON J. NEILL S. FRANSEN P. BROTHERS J. KERKHOF J.
501 _aSocietà San Paolo EM - Piazza San Paolo, 14 - 12051 ALBA (CN) (non commercial uses only) ® Copyright 2017
520 _aINDICE ANNATA 1972. MINISTERI NELLA CHIESA. CRISI ATTUALE DEI MINISTERI NEL NUOVO TESTAMENTO. POSSIBILITÀ DI UN DIVERSO ORDINAMENTO ECCLESIALE. MINISTERI ECCLESIALI E SACRO. DOTTRINA TRIDENTINA. PROCESSO DI DOGMATIZZAZIONE. MINISTERI ECCLESIASTICI ALLE DONNE. DISCUSSIONE SUI FONDAMENTI DEL MINISTERO SACERDOTALE NEL NUOVO TESTAMENTO. BOLLETTINO BIBLIOGRAFICO. MINISTERO NELLA CHIESA. SCHNIDER F. STENGER W. KEARNEY P. COLSON J. NEILL S. FRANSEN P. BROTHERS J. KERKHOF J.
650 _aBIBBIA - TESTI E COMMENTI
942 _cCR
957 _71
999 _a11975
_bNO
_g1
_c320072
_d320072